Southville International School and Colleges
Your cart is empty.
  • Cart
  • Lists
    Public lists Eva Luna New books Lux_list list_1
    Your lists Log in to create your own lists
  • Log in to your account
  • Your cookies
  • Search history
Southville International School and Colleges
  • Advanced search
  • Recent comments
  • Most popular
  • Libraries

Log in to your account

Log in with GOOGLE


If you do not have an external account, but do have a local account, you can still log in:

  1. Home
  2. MARC view: PacMan :
Normal view MARC view ISBD view

PacMan : (Record no. 18828)

[ view plain ]
MARC details
000 -LEADER
fixed length control field 00961cam a22002894a 4500
001 - CONTROL NUMBER
control field 16376730
003 - CONTROL NUMBER IDENTIFIER
control field OSt
005 - DATE AND TIME OF LATEST TRANSACTION
control field 20140310183109.0
008 - FIXED-LENGTH DATA ELEMENTS--GENERAL INFORMATION
fixed length control field 100805s2010 maua 001 0beng
010 ## - LIBRARY OF CONGRESS CONTROL NUMBER
LC control number 2010032912
020 ## - INTERNATIONAL STANDARD BOOK NUMBER
International Standard Book Number 9780306819490
040 ## - CATALOGING SOURCE
Original cataloging agency DLC
Transcribing agency DLC
Modifying agency DLC
043 ## - GEOGRAPHIC AREA CODE
Geographic area code a-pp---
050 00 - LIBRARY OF CONGRESS CALL NUMBER
Classification number GV 1132.P25
Item number .P822 2010
082 00 - DEWEY DECIMAL CLASSIFICATION NUMBER
Classification number FIL 796.830
Item number .P822 2010
100 1# - MAIN ENTRY--PERSONAL NAME
Personal name Poole, Gary Andrew.
245 10 - TITLE STATEMENT
Title PacMan :
Remainder of title behind the scenes with Manny Pacquiao, the greatest pound-for-pound fighter in the world
Statement of responsibility, etc Gary Andrew Poole.
250 ## - EDITION STATEMENT
Edition statement 1st Da Capo Press ed.
260 ## - PUBLICATION, DISTRIBUTION, ETC. (IMPRINT)
Place of publication, distribution, etc Cambridge, Mass :
Name of publisher, distributor, etc Da Capo Press,
Date of publication, distribution, etc 2010.
300 ## - PHYSICAL DESCRIPTION
Extent xvii, 251 p., [8] p. of plates :
Other physical details ill. ;
Dimensions 24 cm.
600 10 - SUBJECT ADDED ENTRY--PERSONAL NAME
Personal name Pacquiao, Manny,
Dates associated with a name 1978-
650 #0 - SUBJECT ADDED ENTRY--TOPICAL TERM
Topical term or geographic name as entry element Boxers (Sports)
Geographic subdivision Philippines
Form subdivision Biography.
906 ## - LOCAL DATA ELEMENT F, LDF (RLIN)
a 7
b cbc
c orignew
d 1
e ecip
f 20
g y-gencatlg
942 ## - ADDED ENTRY ELEMENTS (KOHA)
Source of classification or shelving scheme Library of Congress Classification
Koha item type Books
Call number prefix Local
Holdings
Withdrawn status Lost status Source of classification or shelving scheme Damaged status Home library Current library Shelving location Date acquired Total Checkouts Full call number Barcode Date last seen Copy number Price effective from Koha item type
    Library of Congress Classification   College Library College Library Filipiniana Section 03/05/2013   GV 1132.P25 .P822 2010 C14785 05/08/2018 1 03/10/2014 Books
    Library of Congress Classification   College Library College Library Filipiniana Section 05/10/2013   GV 1132.P25 .P822 2010 c15694 05/08/2018 2 05/10/2013 Books

PacMan :

APA

Poole G. A., . (2010). PacMan. Cambridge, Mass: Da Capo Press.

Chicago

Poole Gary Andrew, . 2010. PacMan. Cambridge, Mass: Da Capo Press.

Harvard

Poole G. A., . (2010). PacMan. Cambridge, Mass: Da Capo Press.

MLA

Poole Gary Andrew, . PacMan. Cambridge, Mass: Da Capo Press. 2010.

  • Place hold
  • Print
  • Cite
  • Add to your cart (remove)
  • Save record
    BIBTEX Dublin Core MARCXML MARC (non-Unicode/MARC-8) MARC (Unicode/UTF-8) MARC (Unicode/UTF-8, Standard) MODS (XML) RIS
  • More searches
    Search for this title in:
    Other Libraries (WorldCat) Other Databases (Google Scholar) Online Stores (Bookfinder.com) Open Library (openlibrary.org)

Exporting to Dublin Core...

SOUTHVILLE LIBRARY

Southville International School and Colleges Library

1281 Tropical Ave. Cor. Luxembourg St., BF Homes International, Las Pinas City

Tel. No. 8256374 / 252358 Loc. 117/146

Powered by Koha